000 00401nam a2200169Ia 4500
008 230524s9999 xx 000 0 und d
020 _a812391413x
082 _a690
_bCHI
100 _aFrancis D.K. Ching
245 0 _aBuilding Construction Illustrated
250 _a1
260 _aNew Delhi
_bCBS
_c1987
300 _a12.23p;
500 _aQuantity Number: 2
650 _aCivil
942 _cBK
999 _c55293
_d55293